000 00599nam a2200229Ia 4500
003 OSt
005 20220923230502.0
006 a|||||r|||| 00| 0
007 ta
008 Pun
024 _a282,473
037 _cTextual
040 _aARTS
_cARTS
_bPun
041 _2Pun
_aPun
082 _aO153,3N32,GG, M7
100 _aਸਿੰਘ, ਅਮਰਜੀਤ
_9156291
245 0 _aਗਰਬ ਗੁਮਾਨ
260 _c1987
650 _aਪੰਜਾਬੀ ਸਾਹਿਤ
942 _hO153,3N32,GG, M7
_cTEXL
_2CC
999 _c385186
_d385186